[Event "Championnat de France Juniors"]
[Site "MONTBELIARD"]
[Date "2014.04.24"]
[Round "6.1"]
[White "Sochacki, Christophe"]
[Black "Aflalo, Sophie"]
[Result "0-1"]
[WhiteElo "2442"]
[BlackElo "2070"]
[PlyCount "89"]
[EventDate "2014.??.??"]

1. e4 c5 2. Nf3 Nc6 3. d4 cxd4 4. Nxd4 Nf6 5. Nc3 e5 6. Ndb5 d6 7. Bg5 a6 8.
Na3 b5 9. Nd5 Be7 10. Bxf6 Bxf6 11. c4 b4 12. Nc2 O-O 13. Be2 Bg5 14. O-O Qa5
15. Qd3 Qc5 16. a3 f5 17. axb4 Qa7 18. Nde3 Nd4 19. Nxd4 Qxd4 20. Nxf5 Bxf5 21.
Qxd4 exd4 22. exf5 Rxf5 23. b5 a5 24. Bf3 Ra7 25. b6 Ra6 26. b7 Rb6 27. b4 a4
28. Rxa4 Rxf3 29. gxf3 Rxb7 30. Rd1 Bf6 31. f4 Kf7 32. Kg2 h6 33. Kf3 g5 34. b5
d5 35. cxd5 Rxb5 36. Ke4 Rb2 37. Kf5 Rb7 38. Rda1 Be7 39. Ra7 Rb6 40. Re1 Rf6+
41. Kg4 h5+ 42. Kxh5 Rxf4 43. Raxe7+ Kf6 44. R1e6+ Kf5 45. Rf7# 0-1

[Event "Championnat de France Juniors"]
[Site "MONTBELIARD"]
[Date "2014.04.24"]
[Round "6.2"]
[White "Barbot, Pierre"]
[Black "Ider, Borya"]
[Result "1/2-1/2"]
[WhiteElo "2405"]
[BlackElo "2384"]
[PlyCount "128"]
[EventDate "2014.??.??"]

1. Nf3 Nf6 2. c4 e6 3. Nc3 d5 4. d4 Nbd7 5. Qc2 dxc4 6. e3 Nb6 7. a4 a5 8. Ne5
c5 9. Nxc4 cxd4 10. exd4 Nxc4 11. Bxc4 Qxd4 12. Bb5+ Bd7 13. O-O Rc8 14. Rd1
Qe5 15. Bxd7+ Nxd7 16. Qd3 Nf6 17. Be3 Bb4 18. Bd4 Qd6 19. Nb5 Qe7 20. Na7 Ra8
21. Bxf6 gxf6 22. Qb5+ Kf8 23. Rd7 Qe8 24. Qxb7 Kg7 25. Rad1 Rf8 26. Nc6 Qc8
27. Nxb4 axb4 28. Qxb4 Qc2 29. b3 Rab8 30. Qg4+ Kh8 31. Qf4 Qb2 32. Qh6 Qe5 33.
h4 f5 34. b4 f4 35. R7d4 f3 36. Qf4 Qxf4 37. Rxf4 e5 38. Rc4 Rg8 39. g3 f5 40.
Kf1 f4 41. gxf4 Rg4 42. Rd3 Re8 43. Rxf3 Rxh4 44. a5 e4 45. Re3 Rxf4 46. b5
Ref8 47. Re2 R4f5 48. Rb2 e3 49. a6 Rd5 50. Re4 Rd1+ 51. Kg2 Rg8+ 52. Kh2 exf2
53. Rxf2 Rd5 54. Kh3 Rxb5 55. Rf7 Rb1 56. Rg4 Rh1+ 57. Kg2 Ra1 58. Rxg8+ Kxg8
59. Ra7 Ra3 60. Kf2 h5 61. Rb7 Rxa6 62. Rb5 Kg7 63. Rxh5 Rh6 64. Rxh6 Kxh6
1/2-1/2

[Event "Championnat de France Juniors"]
[Site "MONTBELIARD"]
[Date "2014.04.24"]
[Round "6.3"]
[White "Eden, James"]
[Black "Aubry, Yannis"]
[Result "1/2-1/2"]
[WhiteElo "2196"]
[BlackElo "2218"]
[PlyCount "147"]
[EventDate "2014.??.??"]

1. d4 d6 2. c4 e5 3. Nc3 exd4 4. Qxd4 Nc6 5. Qd2 Nf6 6. b3 a5 7. Bb2 a4 8. Rd1
axb3 9. axb3 g6 10. g3 Bg7 11. Bg2 O-O 12. Nh3 Bf5 13. O-O Re8 14. Rfe1 Nd7 15.
Na4 Nde5 16. Qc3 Bf6 17. Nf4 Nd7 18. Qc1 Bxb2 19. Qxb2 Qf6 20. Qd2 Qg7 21. Nd5
Rac8 22. Nac3 Nc5 23. e4 Bg4 24. f3 Be6 25. b4 Bxd5 26. Nxd5 Ne6 27. Bh3 Ne5
28. Qc3 c6 29. Nb6 Ng5 30. Kg2 Rcd8 31. f4 Nxh3 32. Kxh3 Nd7 33. Qxg7+ Kxg7 34.
Na4 Nf6 35. Nc3 Kf8 36. Kg2 Ra8 37. Rxd6 Ra3 38. Rxf6 Rxc3 39. e5 Rxc4 40. b5
c5 41. e6 Re7 42. Rd1 Re4 43. Rd8+ Kg7 44. exf7 Rxf7 45. Rxf7+ Kxf7 46. Rc8 b6
47. Rb8 Re6 48. Rb7+ Ke8 49. Rxh7 Kd8 50. Ra7 Re2+ 51. Kf3 Rb2 52. Rg7 Rxb5 53.
Rxg6 c4 54. Ke3 Rb3+ 55. Kd2 b5 56. h4 b4 57. Rc6 Rb2+ 58. Kc1 c3 59. h5 Rg2
60. Rc4 Rxg3 61. Rxb4 Rh3 62. Rb5 Rh4 63. Rf5 Rh2 64. Re5 Rh4 65. Rf5 Rh2 66.
Re5 Rh4 67. Kc2 Rxf4 68. Kxc3 Rh4 69. Kd3 Kd7 70. Ke3 Kd6 71. Ra5 Ke6 72. Kf3
Kf6 73. Kg3 Rh1 74. Kg4 1/2-1/2

[Event "Championnat de France Juniors"]
[Site "MONTBELIARD"]
[Date "2014.04.24"]
[Round "6.4"]
[White "Degardin, Sylvain"]
[Black "Viers, Emmanuel"]
[Result "1-0"]
[WhiteElo "2107"]
[BlackElo "1935"]
[PlyCount "103"]
[EventDate "2014.??.??"]

1. e4 c5 2. Nf3 g6 3. d4 cxd4 4. Qxd4 Nf6 5. Nc3 Nc6 6. Qa4 d6 7. e5 dxe5 8.
Nxe5 Qd4 9. Nxc6 Qxa4 10. Nxa4 bxc6 11. Be3 Bg7 12. O-O-O O-O 13. Be2 Nd5 14.
Bc5 Bf5 15. Bd3 Bxd3 16. Rxd3 Rfe8 17. g3 e5 18. Rb3 e4 19. Re1 f5 20. a3 Reb8
21. Rxb8+ Rxb8 22. b3 Nb6 23. Nb2 Rd8 24. a4 Rd5 25. Bxb6 axb6 26. Nc4 b5 27.
axb5 cxb5 28. Ne3 Bc3 29. Rd1 Rxd1+ 30. Kxd1 Kf7 31. Nd5 Bd4 32. Ke2 Be5 33. f3
Ke6 34. fxe4 fxe4 35. c4 bxc4 36. bxc4 Bd4 37. Ne3 Bc5 38. h3 Ke5 39. Ng4+ Kd4
40. Nf6 h6 41. g4 Be7 42. Nd7 g5 43. Nb6 Bc5 44. Nd5 Kxc4 45. Nf6 Kd4 46. Ng8
Bf8 47. Nf6 Bg7 48. Ne8 Be5 49. Kd2 e3+ 50. Ke2 Ke4 51. Ke1 Kf3 52. Nf6 1-0

[Event "Championnat de France Juniors"]
[Site "MONTBELIARD"]
[Date "2014.04.24"]
[Round "6.5"]
[White "Moussard, Jules"]
[Black "Sauviat, Thomas"]
[Result "1-0"]
[WhiteElo "2446"]
[BlackElo "1848"]
[PlyCount "110"]
[EventDate "2014.??.??"]

1. c4 e6 2. d4 d5 3. Nf3 Nf6 4. g3 Be7 5. Bg2 O-O 6. O-O dxc4 7. Qa4 a6 8. Qxc4
b5 9. Qc2 Bb7 10. Bd2 Be4 11. Qc1 Bb7 12. Nc3 Nbd7 13. Rd1 Ra7 14. Bf4 Qa8 15.
a3 Rc8 16. b4 Nb6 17. Ne1 Bxg2 18. Nxg2 Bd6 19. Qc2 Nfd5 20. Bd2 Nc4 21. e4
Ndb6 22. Bc1 c6 23. e5 Be7 24. Rb1 Nd5 25. Ne4 a5 26. Qe2 axb4 27. axb4 Rcc7
28. Qg4 Qc8 29. Nf4 Nxf4 30. Bxf4 Qd8 31. h4 Rd7 32. Bh6 g6 33. Bg5 h5 34. Qf4
Bxg5 35. hxg5 Kg7 36. Nf6 Rdc7 37. Kg2 Nb6 38. g4 Nd5 39. Qf3 Nxf6 40. gxf6+
Kf8 41. gxh5 gxh5 42. Qxh5 Qd5+ 43. Kg1 Ke8 44. Qh8+ Kd7 45. Qf8 Qf3 46. Qxf7+
Kc8 47. Qxe6+ Kb7 48. Qb3 Qe4 49. Qe3 Qg4+ 50. Qg3 Qe4 51. Re1 Qd5 52. e6 Rh7
53. Qg2 Qxd4 54. e7 Ra2 55. e8=Q Qd8 1-0

[Event "Championnat de France Juniors"]
[Site "MONTBELIARD"]
[Date "2014.04.25"]
[Round "7.1"]
[White "Sochacki, Christophe"]
[Black "Moussard, Jules"]
[Result "1/2-1/2"]
[WhiteElo "2442"]
[BlackElo "2446"]
[PlyCount "77"]
[EventDate "2014.??.??"]

1. e4 c5 2. Nf3 a6 3. Nc3 b5 4. d4 cxd4 5. Nxd4 Bb7 6. Bd3 e6 7. Qe2 Bc5 8. Nb3
Be7 9. O-O d6 10. Bd2 Nf6 11. a4 b4 12. Na2 a5 13. c3 bxc3 14. Nxc3 O-O 15. Nb5
Nc6 16. Bc3 Qb6 17. Rad1 d5 18. exd5 Nxd5 19. Bxh7+ Kxh7 20. Qh5+ Kg8 21. Bxg7
Kxg7 22. Qg4+ Kf6 23. Nd2 Rg8 24. Ne4+ Ke5 25. Qh5+ f5 26. Rfe1 Rxg2+ 27. Kf1
Kf4 28. Kxg2 fxe4 29. Rxe4+ Kxe4 30. Qf3+ Ke5 31. Re1+ Ne3+ 32. Rxe3+ Qxe3 33.
Qxe3+ Kf5 34. Qf3+ Ke5 35. Qe3+ Kf5 36. Qf3+ Ke5 37. Qe3+ Kf5 38. Qf3+ Ke5 39.
Qe3+ 1/2-1/2

[Event "Championnat de France Juniors"]
[Site "MONTBELIARD"]
[Date "2014.04.25"]
[Round "7.2"]
[White "Viers, Emmanuel"]
[Black "Barbot, Pierre"]
[Result "1-0"]
[WhiteElo "1935"]
[BlackElo "2405"]
[PlyCount "122"]
[EventDate "2014.??.??"]

1. e4 c5 2. Nc3 Nc6 3. f4 g6 4. Nf3 Bg7 5. Bb5 Nd4 6. a4 e6 7. O-O Ne7 8. e5 a6
9. Bc4 d5 10. exd6 Qxd6 11. Ne4 Qc7 12. d3 O-O 13. c3 Ndc6 14. Qe1 h6 15. Ne5
b6 16. Qf2 Bb7 17. Bd2 Nxe5 18. fxe5 Bxe4 19. dxe4 Nc6 20. Bf4 g5 21. Bg3 Bxe5
22. Bxe5 Nxe5 23. Qg3 Ra7 24. Ba2 Kg7 25. Rad1 b5 26. Rd2 c4 27. axb5 axb5 28.
Bb1 Ng6 29. Qf2 Ra1 30. Qf6+ Kg8 31. e5 Qc5+ 32. Rdf2 Qxe5 33. Qxe5 Nxe5 34.
Bh7+ Kxh7 35. Rxa1 Rd8 36. h3 Kg6 37. Ra5 Rd5 38. Re2 h5 39. Ra8 h4 40. Rb8 f5
41. Rg8+ Kf6 42. Rf8+ Nf7 43. b3 Ke7 44. Rb8 Nd6 45. bxc4 bxc4 46. Rg8 Ne4 47.
Re1 Rd3 48. Rc1 Kf6 49. Rc8 Nd6 50. Rf8+ Ke5 51. Rg8 Rg3 52. Rb8 f4 53. Ra8 Nf5
54. Ra5+ Ke4 55. Ra6 e5 56. Rc6 Ne3 57. Re1 f3 58. Rxc4+ Kd3 59. Rc5 f2+ 60.
Kxf2 Rxg2+ 61. Kf3 e4# 1-0

[Event "Championnat de France Juniors"]
[Site "MONTBELIARD"]
[Date "2014.04.25"]
[Round "7.3"]
[White "Aubry, Yannis"]
[Black "Ider, Borya"]
[Result "1/2-1/2"]
[WhiteElo "2218"]
[BlackElo "2384"]
[PlyCount "100"]
[EventDate "2014.??.??"]

1. c4 e5 2. Nc3 Nc6 3. Nf3 f5 4. d4 e4 5. d5 exf3 6. dxc6 fxg2 7. cxd7+ Qxd7 8.
Qxd7+ Bxd7 9. Bxg2 c6 10. b3 Nf6 11. Bb2 O-O-O 12. O-O h5 13. e3 h4 14. Ne2 Rh6
15. Nf4 Bd6 16. Rad1 Bc7 17. Nd3 h3 18. Bf3 Ng4 19. Bxg4 Rg6 20. Ne5 Bxe5 21.
Bxe5 Rxg4+ 22. Bg3 Re4 23. Bf4 Rg8 24. f3 Re6 25. Bg5 f4 26. Rfe1 fxe3 27. Rxe3
Rf8 28. Rxe6 Bxe6 29. Kf2 Bg4 30. Rd8+ Rxd8 31. Bxd8 Bf5 32. Bg5 Bb1 33. b4
Bxa2 34. c5 Kd7 35. Ke3 Ke6 36. Kd4 Kf5 37. Bh4 Bd5 38. Bg3 Bxf3 39. Bb8 a6 40.
Bg3 Bd5 41. Bb8 Kg4 42. Ke3 Kf5 43. Kd4 g5 44. Bc7 Ke6 45. Bg3 Kd7 46. Bb8 g4
47. Bg3 Kc8 48. Bf4 b6 49. cxb6 Kb7 50. Kc5 Bf3 1/2-1/2

[Event "Championnat de France Juniors"]
[Site "MONTBELIARD"]
[Date "2014.04.25"]
[Round "7.4"]
[White "Chauvet, Vincent"]
[Black "Eden, James"]
[Result "1-0"]
[WhiteElo "2119"]
[BlackElo "2196"]
[PlyCount "97"]
[EventDate "2014.??.??"]

1. d4 d5 2. c4 c5 3. cxd5 Qxd5 4. Nf3 cxd4 5. Nc3 Qd7 6. Qxd4 Nc6 7. Qf4 f6 8.
e3 e5 9. Qa4 a6 10. Be2 Nb4 11. O-O Qxa4 12. Nxa4 Bf5 13. Bd2 Nd3 14. Nh4 Be4
15. Nc3 Bc6 16. Bxd3 Rd8 17. Be4 Rxd2 18. Bxc6+ bxc6 19. Na4 Ne7 20. Rfd1 Rxd1+
21. Rxd1 e4 22. Nc5 g5 23. Nxe4 gxh4 24. Nd6+ Kd7 25. Nf7+ Ke8 26. Nd6+ Kd7 27.
Nf7+ Ke8 28. Nxh8 Bg7 29. Rd4 Bxh8 30. Rxh4 f5 31. b3 Kf7 32. Rxh7+ Bg7 33. Rh4
a5 34. Rc4 Be5 35. h3 Ke6 36. g4 fxg4 37. hxg4 Bc7 38. Re4+ Kf6 39. f4 Nd5 40.
Rc4 Bb6 41. Rxc6+ Kf7 42. Kg2 Bxe3 43. Kf3 Ba7 44. Ke4 Nf6+ 45. Kf5 Nd5 46. Ke4
Nf6+ 47. Kf3 Nd5 48. g5 Bb8 49. Ke4 1-0

[Event "Championnat de France Juniors"]
[Site "MONTBELIARD"]
[Date "2014.04.25"]
[Round "7.5"]
[White "Schmit, Vincent"]
[Black "Degardin, Sylvain"]
[Result "1/2-1/2"]
[WhiteElo "2105"]
[BlackElo "2107"]
[PlyCount "141"]
[EventDate "2014.??.??"]

1. e4 c5 2. Nf3 d6 3. Bb5+ Nc6 4. O-O Bd7 5. c3 Nf6 6. Re1 a6 7. Bxc6 Bxc6 8.
d4 Bxe4 9. Bg5 Bd5 10. Nbd2 e6 11. c4 Bxf3 12. Qxf3 cxd4 13. Bxf6 gxf6 14. Qxb7
Qc8 15. Qf3 Be7 16. Nb3 Rb8 17. Rad1 Qxc4 18. Rxd4 Qb5 19. Qg3 Kd7 20. Red1 Qe5
21. Qd3 Rb6 22. Nd2 Qb5 23. Nc4 Rc6 24. a4 Qb8 25. a5 Qb5 26. Rc1 d5 27. Nb6+
Qxb6 28. Rxd5+ exd5 29. Qxd5+ Ke8 30. Rxc6 Qd8 31. Qf3 Qxa5 32. Rc8+ Bd8 33.
Qe4+ Kf8 34. h4 h5 35. Qd3 Kg7 36. Qg3+ Kh7 37. Qd3+ Kg7 38. Qg3+ Kh7 39. Qd3+
f5 40. Qd4 Rg8 41. b4 Qb6 42. Qd5 Qf6 43. Rc6 Qxh4 44. Qxf7+ Rg7 45. Qxf5+ Kg8
46. Qd5+ Kh7 47. Qf5+ Kg8 48. Qe6+ Kh7 49. Qh6+ Kg8 50. Rc8 Rxg2+ 51. Kxg2 Qg4+
52. Kf1 Qxc8 53. Qg6+ Kf8 54. Qh6+ Ke7 55. Qxh5 Qc4+ 56. Kg2 Kd7 57. Qf5+ Qe6
58. Qd3+ Qd6 59. Qf5+ Kc6 60. Qc8+ Kb6 61. Qg4 Be7 62. Qg8 Qxb4 63. Qb8+ Ka5
64. Qc7+ Ka4 65. Qc6+ Qb5 66. Qc2+ Ka3 67. Qc3+ Ka4 68. Qc2+ Ka3 69. Qc3+ Ka4
70. Qc2+ Qb3 71. Qc6+ 1/2-1/2

[Event "Championnat de France Juniors"]
[Site "MONTBELIARD"]
[Date "2014.04.26"]
[Round "8.1"]
[White "Chauvet, Vincent"]
[Black "Sochacki, Christophe"]
[Result "1/2-1/2"]
[WhiteElo "2119"]
[BlackElo "2442"]
[PlyCount "96"]
[EventDate "2014.??.??"]

1. d4 Nf6 2. c4 c5 3. d5 b5 4. Nf3 Bb7 5. Nbd2 bxc4 6. e4 e6 7. Bxc4 exd5 8.
exd5 Be7 9. Nf1 d6 10. Ne3 O-O 11. O-O Nbd7 12. b3 Ne4 13. Bb2 Bf6 14. Bxf6
Nexf6 15. Re1 Nb6 16. Qd3 g6 17. h3 Re8 18. Nh2 h5 19. Nf3 Re4 20. Rad1 Qe7 21.
Qb1 Qf8 22. Ng5 Re7 23. Nf3 Rae8 24. a4 Nxc4 25. bxc4 Ne4 26. Qc1 Qg7 27. Rd3
Ba6 28. Nf1 f5 29. Rde3 f4 30. R3e2 Qf6 31. Qc2 Ng5 32. Nxg5 Rxe2 33. Rxe2 Rxe2
34. Qxe2 Qxg5 35. Qe8+ Kg7 36. Qd7+ Kh6 37. Nd2 f3 38. Nxf3 Qc1+ 39. Kh2 Qf4+
40. Kg1 Qc1+ 41. Kh2 Qf4+ 42. Kg1 Bxc4 43. h4 Bxd5 44. Ng5 Qc1+ 45. Kh2 Qf4+
46. Kg1 Qc1+ 47. Kh2 Qf4+ 48. Kg1 Qc1+ 1/2-1/2

[Event "Championnat de France Juniors"]
[Site "MONTBELIARD"]
[Date "2014.04.26"]
[Round "8.2"]
[White "Barbot, Pierre"]
[Black "Aubry, Yannis"]
[Result "1-0"]
[WhiteElo "2405"]
[BlackElo "2218"]
[PlyCount "95"]
[EventDate "2014.??.??"]

1. Nf3 d5 2. c4 e6 3. d4 Nf6 4. Nc3 Nbd7 5. Qc2 Bb4 6. a3 Bxc3+ 7. Qxc3 Ne4 8.
Qc2 c5 9. e3 Qa5+ 10. Nd2 cxd4 11. b4 Qc7 12. Nxe4 dxe4 13. Qxe4 dxe3 14. Qxe3
O-O 15. Bb2 Re8 16. Bd3 e5 17. O-O Nb6 18. Rac1 Bd7 19. Rfe1 f6 20. c5 Nd5 21.
Qe4 Nf4 22. Qxh7+ Kf7 23. Bc4+ Be6 24. Bxe6+ Nxe6 25. Qf5 g6 26. Qf3 Ng5 27.
Qb3+ Kg7 28. h4 Ne6 29. Rcd1 Nd4 30. Qc4 Nf5 31. Qg4 Rh8 32. g3 Qc6 33. Qe4
Rad8 34. Qxc6 bxc6 35. Kg2 Kf7 36. Bc1 Nd4 37. f4 exf4 38. Bxf4 Nc2 39. Rf1
Rxd1 40. Rxd1 Nxa3 41. Rd7+ Ke6 42. Rd6+ Ke7 43. Rxc6 Nb5 44. Ra6 Rd8 45. Ra5
a6 46. Rxa6 Rd4 47. Rb6 Rxb4 48. c6 1-0

[Event "Championnat de France Juniors"]
[Site "MONTBELIARD"]
[Date "2014.04.26"]
[Round "8.3"]
[White "Ider, Borya"]
[Black "Aflalo, Sophie"]
[Result "1-0"]
[WhiteElo "2384"]
[BlackElo "2070"]
[PlyCount "55"]
[EventDate "2014.??.??"]

1. d4 Nf6 2. Nf3 g6 3. g3 Bg7 4. Bg2 d6 5. O-O O-O 6. Re1 Nbd7 7. Nc3 c5 8. a4
Rb8 9. h3 a6 10. a5 b5 11. axb6 Qxb6 12. d5 Qc7 13. e4 Nb6 14. e5 Ne8 15. Qe2
Bb7 16. e6 f5 17. Ng5 Nf6 18. Rd1 Rbc8 19. Nf7 Qb8 20. Bf4 Qa8 21. Bxd6 Nbxd5
22. Nxd5 Nxd5 23. Be5 Bf6 24. Qf3 Rxf7 25. exf7+ Kg7 26. Bxf6+ Kxf6 27. c4 e6
28. cxd5 1-0

[Event "Championnat de France Juniors"]
[Site "MONTBELIARD"]
[Date "2014.04.26"]
[Round "8.4"]
[White "Moussard, Jules"]
[Black "Viers, Emmanuel"]
[Result "1-0"]
[WhiteElo "2446"]
[BlackElo "1935"]
[PlyCount "65"]
[EventDate "2014.??.??"]

1. Nf3 g6 2. d4 d5 3. Nbd2 Bg7 4. e3 Nf6 5. b4 a5 6. b5 a4 7. c4 dxc4 8. Bxc4
O-O 9. O-O c5 10. Ba3 cxd4 11. Nxd4 Nbd7 12. Rc1 Nb6 13. Be2 Re8 14. Nc4 Nbd5
15. h3 Bd7 16. Ne5 Ne4 17. Bc4 Bxe5 18. Bxd5 Nd6 19. Bxd6 exd6 20. Bxb7 Rb8 21.
Nc6 Bxc6 22. Bxc6 Re6 23. Qxa4 Qf6 24. Qc4 Qf5 25. Bd7 Qf6 26. Bxe6 fxe6 27. a4
d5 28. Qc6 Rf8 29. a5 Bb8 30. Qd7 Rf7 31. Rc8+ Kg7 32. Qe8 Bd6 33. Qh8+ 1-0

[Event "Championnat de France Juniors"]
[Site "MONTBELIARD"]
[Date "2014.04.26"]
[Round "8.5"]
[White "Loiseau, Quentin"]
[Black "Schmit, Vincent"]
[Result "1/2-1/2"]
[WhiteElo "2388"]
[BlackElo "2105"]
[PlyCount "138"]
[EventDate "2014.??.??"]

1. d4 d5 2. c4 dxc4 3. Nf3 c5 4. d5 Nf6 5. Nc3 e6 6. e4 exd5 7. e5 Ne4 8. Nxe4
dxe4 9. Qxd8+ Kxd8 10. Ng5 Be6 11. Nxe6+ fxe6 12. Bxc4 Nc6 13. Bf4 Nd4 14.
O-O-O Kc7 15. Rhe1 b5 16. Bf1 Rd8 17. Rxe4 a6 18. Be3 Be7 19. g3 Rd7 20. Bh3
Rhd8 21. Bxd4 Rxd4 22. Rexd4 Rxd4 23. Bxe6 Rxd1+ 24. Kxd1 c4 25. Ke2 Kc6 26. f4
Bc5 27. Kf3 Bd4 28. b3 cxb3 29. Bxb3 Kd7 30. Bc2 h6 31. Bd3 Ke6 32. Ke4 Bg1 33.
h4 Bf2 34. Kf3 Be1 35. Be4 b4 36. Bc6 a5 37. h5 Bd2 38. g4 Bc1 39. Ke4 Bd2 40.
Ba4 Bc1 41. Bb3+ Ke7 42. Kf5 Bd2 43. g5 hxg5 44. fxg5 Be3 45. Kg6 Kf8 46. e6
Bd2 47. Bd1 Ke7 48. Kxg7 Bxg5 49. Bb3 Bf6+ 50. Kg8 Bg5 51. Kg7 Bf6+ 52. Kh7 a4
53. Bc4 b3 54. axb3 axb3 55. Bxb3 Kf8 56. Bc2 Ke7 57. Bf5 Kf8 58. Bg6 Ke7 59.
Bf7 Kf8 60. h6 Bd4 61. Kg6 Bc3 62. Kf5 Bd2 63. h7 Bc3 64. Bh5 Bb2 65. Be2 Bc3
66. Ke4 Bf6 67. Kd5 Kg7 68. e7 Bxe7 69. h8=N Bd6 1/2-1/2

[Event "Championnat de France Juniors"]
[Site "MONTBELIARD"]
[Date "2014.04.27"]
[Round "9.1"]
[White "Sochacki, Christophe"]
[Black "Eden, James"]
[Result "1/2-1/2"]
[WhiteElo "2442"]
[BlackElo "2196"]
[PlyCount "99"]
[EventDate "2014.??.??"]

1. e4 e5 2. Nf3 Nc6 3. d4 exd4 4. Nxd4 Bc5 5. Nxc6 Qf6 6. Qf3 dxc6 7. Be2 Be6
8. Qg3 O-O-O 9. c3 Ne7 10. b4 Bb6 11. a4 a6 12. O-O h6 13. a5 Ba7 14. Kh1 Rhe8
15. Nd2 Qg6 16. Qh4 Qg5 17. Qxg5 hxg5 18. Nf3 f6 19. Bb2 Ng6 20. Nd4 Bd7 21.
Bh5 Nf4 22. Bxe8 Rxe8 23. f3 c5 24. bxc5 Bxc5 25. Rfd1 g4 26. Bc1 Ng6 27. Be3
gxf3 28. gxf3 Ne5 29. Kg2 Nc4 30. Bf2 Bd6 31. Re1 Rh8 32. Bg3 Bc5 33. f4 Bh3+
34. Kf2 Nd6 35. Ke3 Nb5 36. Rac1 Rd8 37. Red1 Bg4 38. Rd2 Nd6 39. Kd3 Ba7 40.
e5 Nb5 41. Kc2 Nxd4+ 42. cxd4 Bxd4 43. Re1 Bf5+ 44. Kd1 c5 45. exf6 gxf6 46.
Ke2 Bg4+ 47. Kf1 Bh3+ 48. Ke2 Bg4+ 49. Kf1 Bh3+ 50. Ke2 1/2-1/2

[Event "Championnat de France Juniors"]
[Site "MONTBELIARD"]
[Date "2014.04.27"]
[Round "9.2"]
[White "Barbot, Pierre"]
[Black "Chauvet, Vincent"]
[Result "1/2-1/2"]
[WhiteElo "2405"]
[BlackElo "2119"]
[PlyCount "112"]
[EventDate "2014.??.??"]

1. Nf3 d5 2. c4 c6 3. d4 e6 4. e3 Nf6 5. Nc3 Nbd7 6. Qc2 Bd6 7. Be2 O-O 8. O-O
Re8 9. Rd1 Qe7 10. h3 dxc4 11. Bxc4 h6 12. Bb3 Rb8 13. Bd2 b5 14. a3 a6 15. Ba2
c5 16. dxc5 Bxc5 17. e4 Bd6 18. Qd3 Ne5 19. Nxe5 Bxe5 20. f4 Rd8 21. Qe2 Bd4+
22. Kh2 Bb7 23. e5 Bxc3 24. Bxc3 Nd5 25. Ba5 Rdc8 26. Rd4 Qc5 27. Rad1 Qc2 28.
R1d2 Qc1 29. f5 Qa1 30. Bxd5 Bxd5 31. Bc3 Rxc3 32. bxc3 Qxc3 33. Rg4 exf5 34.
Rg3 Qc6 35. Qd1 Be6 36. Rd8+ Rxd8 37. Qxd8+ Kh7 38. Qf8 g6 39. Qb4 Qc7 40. Qd4
h5 41. Rc3 Qa5 42. h4 Kg7 43. Kg3 Kh7 44. Kf4 Kh6 45. g3 Kh7 46. Ke3 Kg7 47.
Kf3 Kh7 48. Kf4 Kh6 49. Qb4 Qd8 50. Qd6 Qa8 51. Rc6 a5 52. Ke3 b4 53. axb4 axb4
54. Rb6 Qe4+ 55. Kd2 Qg2+ 56. Kc1 Qg1+ 1/2-1/2

[Event "Championnat de France Juniors"]
[Site "MONTBELIARD"]
[Date "2014.04.27"]
[Round "9.3"]
[White "Schmit, Vincent"]
[Black "Ider, Borya"]
[Result "0-1"]
[WhiteElo "2105"]
[BlackElo "2384"]
[PlyCount "108"]
[EventDate "2014.??.??"]

1. e4 e6 2. d4 d5 3. exd5 exd5 4. Bd3 Nc6 5. c3 Bd6 6. Qf3 Be6 7. Bf4 Nge7 8.
Nd2 Ng6 9. Bxd6 Qxd6 10. Ne2 O-O-O 11. O-O-O Kb8 12. Qg3 Qd7 13. Nf1 a5 14. Ne3
a4 15. Bb5 a3 16. b3 Rhe8 17. Rde1 Bf5 18. Nxf5 Qxf5 19. Bd3 Qe6 20. Kd2 Qf6
21. h4 Nf8 22. Qg5 Qd6 23. Qxg7 Ne6 24. Qg3 Qf8 25. Kd1 Qh6 26. f4 Na5 27. f5
Nf8 28. Qf4 Qb6 29. Kc2 Nd7 30. g4 Ka7 31. Qf2 Nf6 32. Rhg1 Nc4 33. Rg3 Nxg4
34. Qf4 Nce3+ 35. Kd2 h5 36. Nc1 Nc4+ 37. bxc4 Qb2+ 38. Bc2 Rxe1 39. Nd3 Re2+
40. Kxe2 Qxc2+ 41. Qd2 Re8+ 42. Ne5 Qe4+ 43. Kf1 Qxf5+ 44. Rf3 Qb1+ 45. Kg2
Nxe5 46. dxe5 Rg8+ 47. Rg3 Qe4+ 48. Kh3 Rxg3+ 49. Kxg3 Qg4+ 50. Kh2 Qxh4+ 51.
Kg2 Qe4+ 52. Kf2 Qxc4 53. Qe3+ b6 54. Qd2 Qh4+ 0-1

[Event "Championnat de France Juniors"]
[Site "MONTBELIARD"]
[Date "2014.04.27"]
[Round "9.4"]
[White "Selebran, Henri"]
[Black "Moussard, Jules"]
[Result "0-1"]
[WhiteElo "1859"]
[BlackElo "2446"]
[PlyCount "76"]
[EventDate "2014.??.??"]

1. e4 g6 2. d4 Bg7 3. Nc3 d6 4. Nf3 a6 5. Bc4 e6 6. O-O Ne7 7. Bf4 b6 8. Qd2 h6
9. Rfe1 Bb7 10. d5 e5 11. Be3 Nd7 12. a4 f5 13. g3 fxe4 14. Nxe4 O-O 15. Nh4
Kh7 16. c3 Nf5 17. Ng2 Nf6 18. f3 Nxe3 19. Nxe3 Nxe4 20. fxe4 Qg5 21. Rf1 Rf4
22. Bd3 Raf8 23. Qe2 Bc8 24. Ng2 Rxf1+ 25. Rxf1 Rxf1+ 26. Kxf1 a5 27. Ne3 Bh3+
28. Ke1 h5 29. Qf3 Bh6 30. Kf2 Kg7 31. Bb5 Qe7 32. Qe2 Qf6+ 33. Qf3 Bxe3+ 34.
Kxe3 Qg5+ 35. Kf2 Qc1 36. Be8 Qxb2+ 37. Ke1 Qc1+ 38. Kf2 Qd2+ 0-1

[Event "Championnat de France Juniors"]
[Site "MONTBELIARD"]
[Date "2014.04.27"]
[Round "9.5"]
[White "Aflalo, Sophie"]
[Black "Loiseau, Quentin"]
[Result "0-1"]
[WhiteElo "2070"]
[BlackElo "2388"]
[PlyCount "84"]
[EventDate "2014.??.??"]

1. e4 c6 2. d4 d5 3. exd5 cxd5 4. c4 Nf6 5. Nc3 e6 6. Nf3 Be7 7. Be3 O-O 8. a3
b6 9. Bd3 dxc4 10. Bxc4 Bb7 11. Rc1 Nc6 12. O-O Rc8 13. Qe2 Bd6 14. Rfd1 Ne7
15. Ne5 Ned5 16. Ba6 Nxc3 17. bxc3 Bxa6 18. Qxa6 Nd5 19. Qxa7 Nxc3 20. Re1 Bxe5
21. Rxc3 Bxh2+ 22. Kxh2 Rxc3 23. a4 Qb8+ 24. Qxb8 Rxb8 25. Rb1 Ra3 26. Rb4 Ra8
27. Rxb6 R3xa4 28. Kg3 h6 29. Rb7 R4a7 30. Rb5 Ra5 31. Rb7 Rd5 32. Kf3 g5 33.
g3 Kg7 34. Ke4 Kg6 35. Rb3 h5 36. f4 g4 37. Rc3 Ra2 38. Rc8 Ra3 39. f5+ Rxf5
40. Bf4 Rd5 41. Be3 f5+ 42. Kf4 e5+ 0-1